<?xml version="1.0" encoding="UTF-8"?>
<marc:record xmlns:marc="http://www.loc.gov/MARC21/slim">
   <marc:leader>00000nam a2200000 a 4500</marc:leader>
   <marc:datafield ind1=" " ind2=" " tag="653">
      <marc:subfield code="a">Gute Nacht</marc:subfield>
   </marc:datafield>
   <marc:datafield ind1=" " ind2=" " tag="653">
      <marc:subfield code="a">Sandmann</marc:subfield>
   </marc:datafield>
   <marc:datafield ind1=" " ind2=" " tag="653">
      <marc:subfield code="a">Geschichten Abenteuer Bücher</marc:subfield>
   </marc:datafield>
   <marc:datafield ind1="0" ind2="0" tag="245">
      <marc:subfield code="a">Sandmann</marc:subfield>
   </marc:datafield>
   <marc:datafield ind1="0" ind2="0" tag="245">
      <marc:subfield code="b">Nachts, wenn alles schläft</marc:subfield>
   </marc:datafield>
   <marc:datafield ind1="1" ind2=" " tag="520">
      <marc:subfield code="a">Liebe Kinder, gebt fein acht: Fu¨nf traumhafte Einschlafgeschichten und Lieder fu¨r eine gute Nacht!&lt;br/&gt;&lt;br/&gt;Wenn es Zeit wird, ins Bett zu gehen, freuen sich die Kinder auf etwas Traumsand vom Sandmännchen – und auf seine Geschichten, die es jeden Abend mitbringt. In diesen liebevoll interpretierten Erzählungen und Liedern erfahren die Kinder vorm Einschlafen, was eigentlich passiert, wenn Tiere, Menschen und Spielsachen am Abend zur Ruhe kommen. Und ob nachts tatsächlich alle schlafen. Aber was passiert, wenn man mal nicht einschlafen kann? Wichtige Fragen fu¨r die Kleinen werden hier einfu¨hlsam geklärt. Danach können alle beruhigt einschlafen.&lt;br/&gt;&lt;br/&gt;Titelliste:&lt;br/&gt;01 - Der Maulwurf, der sich verbuddelt hatte&lt;br/&gt;&lt;br/&gt;02 - Mein Teddy&lt;br/&gt;&lt;br/&gt;03 - Der Nachtzug&lt;br/&gt;&lt;br/&gt;04 - Ich schlafe murmeltierfest&lt;br/&gt;&lt;br/&gt;05 - Minibagger Benno&lt;br/&gt;&lt;br/&gt;06 - Jeder schläft anders&lt;br/&gt;&lt;br/&gt;07 - Das Ferienhaus&lt;br/&gt;&lt;br/&gt;08 - Kuschellied&lt;br/&gt;&lt;br/&gt;09 - Das Nachtkonzert&lt;br/&gt;&lt;br/&gt;10 - Das Schlaflied aus dem Radio</marc:subfield>
   </marc:datafield>
</marc:record>
